000 02662nam a2200289 a 4500
001 000021022
003 OSt
005 20240710123700.0
008 100830s2006 dr 001 0cspa d
040 _aDO-SdBNP
_bspa
_cBNPHU
082 _a923.27293
_bB719M
100 1 _aMartínez Almanzar, Juan Francisco
_d1950 -
_910459
245 1 0 _aBono, Luperón y Heureaux /
_cJuan Francisco Martínez Almanzar.
260 _aSanto Domingo :
_bCentro de Adiestramiento e Investigación Social (CAIS),
_c2006.
300 _a99, lxxi p. ;
_c22 cm.
504 _aIncluye referencias bibliográficas y notas al pie de las páginas.
505 0 _tPresentación --
_gPrimera parte:
_tLos aportes de Bonó --
_tOrígenes de Bonó --
_tNacimiento y adolescencia --
_tBonó y su familia --
_tLos aportes de Bonó a la sociología --
_tApuntes para cuatro ministerio de la República --
_tLa primera guerra civil --
_tBonó y Duarte --
_tBonó se separa del Gobierno Restaurador --
_tBonó luego de la Guerra de Restauración --
_tLa obra "estudios" --
_tApuntes sobre las clases trabajadoras dominicanas --
_tAgricultura y ganadería --
_gSegunda parte:
_tBonó, Luperón y la candidatura presidencial --
_tBonó rechaza la candidatura presidencial --
_gTercera parte:
_tLas relaciones entre Bonó y Heureaux --
_tBonó y Heureaux --
_tCorrespondencias en 1883 --
_tLas misivas en 1887 --
_tCorrespondencias en 1895 --
_tLas correspondecias de Heureaux y Bonó el 25 de julio de 1899 --
_gCuarta parte:
_tUlises Heureaux --
_tLos inicios de Ulises Heureaux --
_tHeureaux en Haití --
_tPrimera presidencia de Heureaux --
_tElecciones de 1886 --
_tModificaciones a la constitución --
_tLos dos últimos años de Heureaux en el poder --
_tHeureaux en Sánchez --
_tHeureaux en La Vega --
_tHeureaux llega a Moca --
_tLos conjurados en acción --
_tLos planes para matar a Lilís --
_tDistintas versiones en torno a la muerte --
_tTrasladan cadáver a la gobernación --
_tEl cadáver es trasladado a Santiago --
_tEntierro de Lílis --
_tAnexos --
_tNotas --
_tConferencia: Los aportes de Pedro Francisco Bonó a sociología dominicana --
_tCronología de Bonó --
_tTrayectoria de Gregorio Luperón --
_tTrayectoria de Ulises Heureaux
590 _aInventariado, 2020 / DG
600 1 4 _aBONÓ, PEDRO FRANCISCO,
_d1828-1906
_91351
600 1 0 _a Heureaux, Ulises,
_d1845-1899
_9598
600 1 0 _aLuperón, Gregorio,
_d1839-1897
_9888
650 4 _aPresidentes
_zRepública Dominicana
_vBIOGRAFÍAS
_91288
651 4 _aRepública Dominicana
_xHistoria
_xRestauración 1863-1865
_943986
651 0 _aRepública Dominicana --
_xHistoria --
_y1844-1930
_91009
910 _aValidado. Control de calidad BNPHU.
942 _2ddc
_cLF1
999 _c20525
_d20525